Country flags that have the Saint George’s Cross - Statistics

General Stats
  • This quiz has been taken 14 times
  • The average score is 9 of 10
Answer Stats
Picture Answer % Correct
Australia
100%
Fiji
100%
Georgia
100%
Malta
100%
New Zealand
100%
United Kingdom
100%
Tuvalu
92%
Anguilla
69%
Bermuda
69%
Cook Islands
46%
No matching quizzes found
Score Distribution
Percent of People with Each Score
Percentile by Number Answered
Your Score History
You have not taken this quiz